00473nam a2200169 450000500170000001000150001702000260003203500140005803700130007208200110008510000150009624500440011126000390015527000650019430000250025950000190028420191108105247.0 aENG-126861 a9789386821003c995.00 aEN-110393 bDBAD/PUB a630.24 aAjay Singh aAgricultural chemistry /cby Ajay Singh aDelhibPushpanjali Prakashanc2018 aL-46,Street No.5, Shivaji Marg, Kartar Nagarb Delhie110053 aviii;296p.c22cm(Hb) aIncludes index